| 000 | 00000nam##2200000za#4500 |
| 001 | 9.587780 |
| 003 | CaOODSP |
| 005 | 20210624194811 |
| 007 | cr ||||||||||| |
| 008 | 150406|2006||||xxc|||||o f|0| 0 fre|d |
| 022 | |a1701-1280 |
| 040 | |aCaOODSP|bfre |
| 041 | |aeng |
| 041 | |afre |
| 043 | |an-cn--- |
| 086 | 1 |aFs70-4/2006-011-PDF |
| 110 | 1 |aCanada. |bMinistère des pêches et des océans. |
| 245 | 10|aCompte-rendu de l'atelier zonal sur l'identification des zones d'importance écologique et biologique (ZIEB) dans le Golfe du Saint Laurent et l'estuaire : |h[ressource électronique]|bMoncton, Nouveau-Brunswick, du 21 au 23 février 2006 / |cJake Rice, président de réunion ; Chris Morry, éditeur. |
| 260 | |aOttawa - Ontario : |bPêches et Océans Canada |cMars 2006. |
| 300 | |a71p.|bcartes (certaines en couleur), tableaux |
| 490 | 1 |aSecrétariat canadien de consultation scientifique, série des comptes rendus|x1701-1280|v2006/011 |
| 590 | |a11-31-Supp|b2011-12-13 |
| 720 | 1 |aRice, Jake |
| 720 | 1 |aMorry, Chris |
| 791 | |tProceedings of the Zonal Workshop on the Identification of Ecologically and Biologically Significant Areas (EBSA) within the Gulf of St. Lawrence and estuary : |eeng|w(CaOODSP)9.587779 |
| 830 | #0|aCompte rendu (Secrétariat canadien de consultation scientifique)|x1701-1280|v2006/011|w(CaOODSP)9.500508 |
| 856 | 40|ahttp://publications.gc.ca|qPDF|s2.91 Mo|uhttps://publications.gc.ca/collections/collection_2011/mpo-dfo/Fs70-4-2006-011.pdf|y2006/011 |